| 000 | 00901nam a22002537a 4500 | ||
|---|---|---|---|
| 003 | MOSTI LIBRARY | ||
| 005 | 20260522103803.0 | ||
| 008 | 260522b |||||||| |||| 00| 0 eng d | ||
| 020 | _a9747576449 | ||
| 040 | _cMOSTI LIBRARY | ||
| 090 | 0 | 0 |
_a338.927 _bTEC |
| 110 | 1 | 0 | _aAPEC Center for Technology Foresight / APEC Secretariat |
| 245 | 1 | 0 |
_aTechnology Foresight (Second Edition) : _bProceedings of the APEC Symposium on Technology Foresight |
| 264 |
_aThailand, _bAPEC, _c1997 |
||
| 300 |
_a221 pages; _billustrations, charts; _c30 cm |
||
| 336 | _0rdacontent | ||
| 337 | _2rdacarrier | ||
| 338 | _0rdacarrier | ||
| 650 | 1 | 0 |
_aTechnology forecasting _xCongresses _zAsia-Pacific Region |
| 650 | 2 | 0 |
_a Technological innovations _vGovernment policy _xEconomic aspects |
| 650 | 2 | 0 |
_aAsia-Pacific Economic Cooperation (Organization) _x Congresses |
| 942 |
_2ddc _cBK _n0 |
||
| 949 | _0019236 | ||
| 999 |
_c30871 _d30871 |
||